Подробности
| 000 -МАРКЕР |
| контрольное поле |
02534nam0a2200493 4500 |
| 001 - ИДЕНТИФИКАТОР ЗАПИСИ |
| контрольное поле |
RU\NLR\BIBL_A\022124150 |
| 005 - ИДЕНТИФИКАТОР ВЕРСИИ |
| контрольное поле |
20240306103424.0 |
| 010 ## - МЕЖДУНАРОДНЫЙ СТАНДАРТНЫЙ НОМЕР КНИГИ (ISBN) |
| Номер (ISBN) |
978-5-91378-249-6 |
| Тираж |
100 |
| 021 ## - НОМЕР ГОСУДАРСТВЕННОЙ РЕГИСТРАЦИИ |
| Код страны |
Российская Федерация |
| Номер |
КН-П-23-077884 |
| Номер Листа государственной регистраци |
КН-П-23-7872 |
| 035 ## - ДРУГИЕ СИСТЕМНЫЕ НОМЕРА |
| Идентификатор записи |
(NLR Aleph) 022124150 |
| 035 ## - ДРУГИЕ СИСТЕМНЫЕ НОМЕРА |
| Идентификатор записи |
(RuMoRGB)012431057 |
| 100 ## - ДАННЫЕ ОБЩЕЙ ОБРАБОТКИ |
| Данные общей обработки |
20240202d2023 u y0rusy50 ca |
| 101 0# - ЯЗЫК РЕСУРСА |
| Язык текста, звукозаписи и т.д. |
русский |
| 102 ## - СТРАНА ПУБЛИКАЦИИ ИЛИ ПРОИЗВОДСТВА |
| Страна публикации |
Российская Федерация |
| 105 ## - ПОЛЕ КОДИРОВАННЫХ ДАННЫХ: ТЕКСТОВЫЕ МАТЕРИАЛЫ, МОНОГРАФИЧЕСКИЕ |
| Кодированные данные о монографическом текстовом документе |
y z 000yy |
| 181 #0 - ПОЛЕ КОДИРОВАННЫХ ДАННЫХ: ВИД СОДЕРЖАНИЯ |
| Код вида содержания (ISBD) |
i |
| Код характеристики содержания (ISBD) |
axxe |
| 182 #0 - ПОЛЕ КОДИРОВАННЫХ ДАННЫХ: ТИП СРЕДСТВА |
| Код типа средства (ISBD) |
n - непосредственное |
| 200 1# - ЗАГЛАВИЕ И СВЕДЕНИЯ ОБ ОТВЕТСТВЕННОСТИ |
| Основное заглавие |
Маргиналии в старопечатном издании Лествицы Иоанна Синайского (М., 1647) |
| Первые сведения об ответственности |
Татьяна Попова |
| 203 ## - ВИД СОДЕРЖАНИЯ И ТИП СРЕДСТВА |
| Вид содержания |
Текст |
| Дополнительные сведения об издании |
визуальный |
| Тип средства |
непосредственный |
| 210 ## - ПУБЛИКАЦИЯ, РАСПРОСТРАНЕНИЕ И ДР. |
| Место издания, распространения и т.д. |
Северодвинск |
| Имя издателя, распространителя и т. д. |
Северодвинская типография |
| Дата издания, распространения и т.д. |
2023 |
| 215 ## - ФИЗИЧЕСКАЯ ХАРАКТЕРИСТИКА |
| Специфическое обозначение материала и объем |
143 с. |
| Размеры |
21 |
| 300 ## - ОБЩИЕ ПРИМЕЧАНИЯ |
| Текст примечания |
На обороте тит. с. в аннот.: автор маргиналий - Сергий Шелонин |
| 320 ## - ПРИМЕЧАНИЯ О НАЛИЧИИ В ДОКУМЕНТЕ БИБЛИОГРАФИИ / УКАЗАТЕЛЯ |
| Текст примечания |
Библиогр.: с. 139-140 |
| 333 ## - ПРИМЕЧАНИЯ ОБ ОСОБЕННОСТЯХ РАСПРОСТРАНЕНИЯ И ИСПОЛЬЗОВАНИЯ |
| Текст примечания |
12+ |
| 500 10 - УНИФИЦИРОВАННОЕ ЗАГЛАВИЕ |
| Связь между полями |
z20702 |
| Унифицированное заглавие |
Лествица |
| Системный номер авторитетной/нормативной записи |
2631291 |
| Идентификатор авторитетной / нормативной записи |
RU\NLR\AUTH\559272 |
| 600 #0 - ИМЯ ЛИЦА КАК ПРЕДМЕТ |
| Начальный элемент ввода |
Сергий |
| Дополнения к именам, кроме дат |
Шелонин |
| -- |
инок |
| Даты |
- 1665 |
| Системный номер авторитетной/нормативной записи |
2605498 |
| Идентификатор авторитетной/нормативной записи |
RU\NLR\AUTH\661542056 |
| 604 ## - ИМЯ И ЗАГЛАВИЕ КАК ПРЕДМЕТ |
| Связываемые данные |
700#0$aИоанн Лествичник$cигумен Синайского монастыря$fок.525 - ок.606 |
| -- |
500##$a"Лествица"$2nlr_sh2$3RU\NLR\AUTH\661556302 |
| Имя лица |
Иоанн Лествичник (игумен Синайского монастыря ; ок.525 - ок.606) |
| Заглавие |
"Лествица" |
| Системный номер авторитетной/нормативной записи |
2619742 |
| Идентификатор авторитетной/нормативной записи |
RU\NLR\AUTH\661556302 |
| 606 1# - НАИМЕНОВАНИЕ ТЕМЫ КАК ПРЕДМЕТ |
| Наименование темы |
Старопечатные книги |
| Географический подзаголовок |
Россия |
| Хронологический подзаголовок |
17 в. |
| Системный номер авторитетной/нормативной записи |
2581386 |
| Идентификатор авторитетной/нормативной записи |
RU\NLR\AUTH\6601736564 |
| 606 1# - НАИМЕНОВАНИЕ ТЕМЫ КАК ПРЕДМЕТ |
| Наименование темы |
Пометы на книгах |
| Системный номер авторитетной/нормативной записи |
1513050 |
| Идентификатор авторитетной/нормативной записи |
RU\NLR\AUTH\66656996 |
| 686 1# - ИНДЕКСЫ ДРУГИХ КЛАССИФИКАЦИЙ |
| Индекс |
Ч611.63(2) |
| 686 1# - ИНДЕКСЫ ДРУГИХ КЛАССИФИКАЦИЙ |
| Индекс |
Ч611.687 |
| 686 1# - ИНДЕКСЫ ДРУГИХ КЛАССИФИКАЦИЙ |
| Индекс |
Ш5(2=Р)3-4Сергий Шелонин |
| 686 1# - ИНДЕКСЫ ДРУГИХ КЛАССИФИКАЦИЙ |
| Индекс |
Ш5(2=Р)3-331.729 |
| 686 1# - ИНДЕКСЫ ДРУГИХ КЛАССИФИКАЦИЙ |
| Индекс |
Ш5(0)421-4Иоанн Лествичник |
| 686 2# - ИНДЕКСЫ ДРУГИХ КЛАССИФИКАЦИЙ |
| Индекс |
Э372.24-43 |
| 700 #1 - ИМЯ ЛИЦА - ПЕРВИЧНАЯ ОТВЕТСТВЕННОСТЬ |
| Графика поля |
Кириллица |
| Материалы, к которым относится поле |
rus |
| Начальный элемент ввода |
Попова |
| Часть имени, кроме начального элемента ввода |
Т. Г. |
| Дополнения к именам, кроме дат |
д-р филол. наук |
| Расширение инициалов личного имени |
Татьяна Георгиевна |
| Системный номер авторитетной/нормативной записи |
73814 |
| Идентификатор авторитетной/нормативной записи |
RU\NLR\AUTH\7790887 |
| 702 #0 - ИМЯ ЛИЦА - ВТОРИЧНАЯ ОТВЕТСТВЕННОСТЬ |
| Связь между полями |
z20500 |
| Графика поля |
Кириллица |
| Материалы, к которым относится поле |
rus |
| Начальный элемент ввода |
Иоанн Лествичник |
| Дополнения к именам, кроме дат |
игумен Синайского монастыря |
| Даты |
ок.525-ок.606 |
| Системный номер авторитетной/нормативной записи |
112619 |
| Идентификатор авторитетной/нормативной записи |
RU\NLR\AUTH\772609 |
| 702 #0 - ИМЯ ЛИЦА - ВТОРИЧНАЯ ОТВЕТСТВЕННОСТЬ |
| Графика поля |
Кириллица |
| Материалы, к которым относится поле |
rus |
| Начальный элемент ввода |
Сергий |
| Дополнения к именам, кроме дат |
Шелонин |
| -- |
инок |
| Даты |
-1665 |
| Системный номер авторитетной/нормативной записи |
122558 |
| Идентификатор авторитетной/нормативной записи |
RU\NLR\AUTH\7712848 |
| 942 ## - ДОПОЛНИТЕЛЬНЫЕ ЭЛЕМЕНТЫ ЗАПИСИ (АБИС) |
| Тип экземпляра АБИС |
Книга |
| 980 ## - КОЛЛЕКЦИЯ |
| Название коллекции |
Национальная библиография |